LDR 00849naa#a2200169#i#450# 001 RU\INFRA-M\bibl\119000 005 20260415043639.3 011 ## _a3033-8166 100 ## _a20260330b2026####ek#y0rusy0150####ca 102 ## _aRU 200 1# _aТекущие особенности развития бизнеса управляющей компании профессионального участника рынка ценных бумаг _eЖурнальная статья 210 1# _aМосква _cОбщество с ограниченной ответственностью «Научно-издательский центр ИНФРА-М» _d2026 215 ## _a5 с. 608 ## _aЖурнальная статья _2local 675 ## _aВклады капитала в ценные бумаги. 336.767 _z 700 #1 _aДюрягин _gА. В. 856 4# _anaukaru.ru _u